Otvírám zásuvku a vyndavám nůž : věnováno Čečensku v Červeném újezdě /

Hlavní autor: Růžičková, Ivana, 1981-
Jazyk: Čeština
Vydáno: Brno : Větrné mlýny, 2003
Vydání: Vyd. 1.
Edice: Současná česká hra
Témata:
Fyzický popis: 24 s. ; 15 x 20 cm
Knihy
Uloženo v:
LEADER 01133nam a2200313 a 4500
001 000709505
003 CZ BrMZK
005 20040519181757.0
007 ta
008 040325s2003 xr e 000 d cze d
020 |q (brož.) 
040 |a BOA001  |b cze 
072 7 |a 821.162.3-2  |x České drama  |2 Konspekt  |9 25 
080 |a 821.162.3-2  |2 MRF 
080 |a (0:82-2)  |2 MRF 
100 1 |a Růžičková, Ivana,  |d 1981-  |7 xx0015507  |4 aut 
245 1 0 |a Otvírám zásuvku a vyndavám nůž :  |b věnováno Čečensku v Červeném újezdě /  |c Ivana Růžičková 
250 |a Vyd. 1. 
260 |a Brno :  |b Větrné mlýny,  |c 2003 
300 |a 24 s. ;  |c 15 x 20 cm 
490 1 |a Současná česká hra ;  |v sv. 16/2003 
500 |a 300 výt. 
655 7 |a česká dramata  |7 fd133957  |2 czenas 
655 7 |a divadelní hry  |7 fd132028  |2 czenas 
830 0 |a Současná česká hra  |0 s 
910 |a BOA001  |b 2-1133.608 
990 |a BK 
996 6 |b 2610217082  |c 2-1133.608  |l MZK  |r Sklad / do 1 hodiny  |n 1  |p p.v.  |w 000709505  |u 000010  |a 1  |e BOA001  |j MZK50  |s P 
996 7 |b 2610217083  |c 2-1133.608  |l MZK  |r Sklad / do 1 hodiny  |n 4  |p p.v.  |w 000709505  |u 000020  |a 1  |e BOA001  |j MZK50  |s A